Islam Builds in India (Record no. 10698)

MARC details
000 -LEADER
fixed length control field 00624nam a2200241 a 4500
020 ## - INTERNATIONAL STANDARD BOOK NUMBER
ISBN
082 00 - DEWEY DECIMAL CLASSIFICATION NUMBER
Classification number 722.07
Author Cutter RAJ
100 ## - MAIN ENTRY--AUTHOR NAME
Author name Rajan, K V Soundara
245 ## - TITLE STATEMENT
Title Islam Builds in India
Sub title Cultural Study of Islamic Architecture
260 ## - PUBLICATION, DISTRIBUTION, ETC. (IMPRINT)
Place of publication Delhi
Name of publisher Agma Kalaprakashan
Year of publication 1983
300 ## - PHYSICAL DESCRIPTION
Number of Pages 218p
500 ## - GENERAL NOTE
General note includes index and biblioraphy
505 2# - FORMATTED CONTENTS NOTE
Formatted contents note Plates
650 ## - SUBJECT ADDED ENTRY--TOPICAL TERM
Topical Term Islamic-Architecture
942 ## - ADDED ENTRY ELEMENTS (KOHA)
Koha item type Books
700 1# -
-- Rajan, K V Soundara
Holdings
Collection code Home library Current library Date acquired Cost, normal purchase price Full call number Accession Number Koha item type
  Henry Martyn Institute Library Henry Martyn Institute Library 06/15/2007 800.00 722.07 RAJ 017323 Books
                   Copyright © 2026 | Henry Martyn Institute | Hyderabad | TS-500052 | INDIA | Implemented by hmi.edu.in
Hit-Count:

Powered by Koha